[Event "ICS rated blitz match"]
[Site "204.178.125.65"]
[Date "1999.11.01"]
[Round "?"]
[White "PostModernist"]
[Black "Hossa"]
[Result "1-0"]
[WhiteElo "2577"]
[BlackElo "2474"]
[Annotator "Hiarcs 7.32 (22s)"]
[PlyCount "237"]
[EventDate "1999.??.??"]

1. e4 e5 2. Nf3 Nf6 3. Nxe5 Nxe4 4. Qe2 4... d5 $146 (4... Qe7 5. Qxe4 d6 6. d4
(6. f4 dxe5 7. fxe5 Nc6 8. d4 f5 9. Qf4 Be6 10. c3 O-O-O 11. Bd3 Qd7 12. Bc2 g5
13. Qf2 Be7 14. Nd2 Rhf8 15. Nb3 Qd5 16. Bd2 Qb5 17. Bd1 Nxe5 18. dxe5 Rd5 19.
Be2 Rxe5 20. Be3 Bc4 21. Bxc4 Qxc4 22. O-O-O Qa6 23. Kb1 f4 24. Bd4 Re2 25. Qf3
Qg6+ 26. Qd3 Qxd3+ 27. Rxd3 Rxg2 28. Rd2 Rxd2 29. Nxd2 g4 30. Kc2 f3 31. Ne4
Rf4 32. Kd3 c5 33. Nxc5 f2 34. Rf1 b6 35. Ne4 Rf3+ 36. Ke2 Rf4 37. Nxf2 Bc5 38.
Rg1 h5 39. Rg2 Rf3 40. Nd3 Rh3 41. Be5 {
1-0 Chandler,M-Jimenez de la Torre/Oviedo rapid 1992/TD 92\09 (41)}) 6... dxe5
7. dxe5 (7. Qxe5 Qxe5+ 8. dxe5 Bf5 9. Bb5+ c6 10. Ba4 Nd7 11. Bf4 O-O-O 12. Nd2
Re8 13. O-O-O Nxe5 14. Rhe1 Bd6 15. Be3 Bb8 16. h3 h5 17. Bb3 Be6 18. Bxe6+
Rxe6 19. b3 Rhe8 20. Kb1 Ng6 21. Nf3 {
1/2-1/2 Steil,J-Luett,M/NRW-I 8687 1987/BIG 80 (21)}) 7... Nc6 8. f4 (8. Bf4 g5
9. Be3 f5 10. Qd5 Nb4 11. Qb3 f4 12. Bd4 Bf5 13. Na3 O-O-O 14. O-O-O c5 15. Bc3
Rxd1+ 16. Kxd1 Bg7 17. Bxb4 cxb4 18. Nb5 Bxe5 19. Nxa7+ Kb8 20. Nb5 Rd8+ 21.
Kc1 Qd7 22. Bd3 Bxd3 23. Qxd3 Bxb2+ 24. Kb1 Qe7 25. Qb3 Bg7 26. Qa4 Qc5 27. Re1
Be5 28. a3 bxa3 29. Nxa3 Qc3 30. Rxe5 30... Rd1+ {
0-1 Isaeva,A-Szczygiel,A/EU-chJW U20 Litomysl 1994/TD 94\01 (30)}) 8... Bd7 9.
Nc3 O-O-O 10. Bc4 Qh4+ 11. g3 Qh3 12. Bf1 Qe6 13. Bg2 f6 14. O-O h5 15. Be3 h4
16. Nb5 hxg3 17. Nxa7+ Kb8 18. hxg3 f5 19. Qf3 Bb4 20. Nb5 Bc8 21. c3 Be7 22.
a4 g5 23. a5 g4 24. Qe2 Qh6 25. Kf2 Nxe5 26. a6 26... bxa6 {
1-0 Martens,M-Delanoy,A/Kecskemet Szechenyi-B 1991/TD 91\05 (26)}) (4... f5 5.
d3 d5 6. dxe4 dxe4 7. Qh5+ g6 8. Nxg6 hxg6 9. Qxh8 Nd7 10. Bc4 b6 11. Qh7 Ne5
12. Bb3 Ba6 13. Bf4 Qd6 14. Bxe5 Qxe5 15. Qxg6+ Ke7 16. Qf7+ Kd6 17. Nc3 f4 18.
O-O-O+ Kc6 19. Bd5+ Kd6 20. Bxa8+ Kc5 21. Rd5+ Qxd5 22. Qxd5+ Kb4 23. a3# {
1-0 De Briceno,A-Marie,M/Dubai olw 1986/TD 86\02 (23)}) 5. d3 Qe7 6. dxe4 {
letzter Buchzug} 6... Qxe5 7. exd5 Bd6 ({1.11 Hiarcs 7.32:} 7... Qxe2+ 8. Bxe2
Bf5 9. c4 Bd6 10. Nc3 O-O 11. Be3 11... Nd7 {0.83/7}) 8. Qxe5+ Bxe5 9. Be2 Bf5
10. c4 Na6 11. O-O Nb4 12. Na3 O-O-O 13. Bd2 Nxd5 14. cxd5 Bxb2 15. Nb5 Bxa1
16. Rxa1 Rxd5 ({0.46 Hiarcs 7.32:} 16... a6 17. Nc3 Rhe8 18. Re1 Kd7 19. g4
19... Bc2 {-0.09/7}) 17. Bf4 Rc5 18. Be3 Rd5 19. Rc1 c6 20. Bc4 Rd7 21. Nxa7+
Kb8 22. Re1 Rhd8 23. f3 Bd3 ({0.66 Hiarcs 7.32:} 23... f6 24. g4 Rd1 25. Rxd1
Rxd1+ 26. Kf2 Bd3 27. Be6 Kc7 28. Bf4+ Kb6 29. Nc8+ 29... Kb5 {0.20/7}) 24. Bb3
Kc7 25. a4 Re8 26. Bf4+ Kd8 27. Rxe8+ Kxe8 28. Nc8 Bg6 29. Kf2 Rd3 ({
0.99 Hiarcs 7.32:} 29... Rd4 30. Be3 Rb4 31. Bd1 Rb2+ 32. Kg3 Bd3 33. a5 Kd7
34. Nb6+ 34... Kd6 {0.41/8}) 30. Bc4 Ra3 31. Nd6+ Ke7 32. Nxb7 Rxa4 33. Bd6+
Kf6 34. Be2 Ra2 35. Ke3 Bc2 36. f4 Bb3 37. Nc5 Bd5 38. g4 g6 39. g5+ Kg7 40.
Be5+ Kg8 41. Nd7 Bg2 42. Nf6+ Kg7 43. h4 Ra7 44. Kf2 Bh3 ({2.38 Hiarcs 7.32:} 
44... Bh1 45. Bd3 Ra2+ 46. Ke3 Bg2 47. Nd7+ Kg8 48. h5 Ra4 49. Nf6+ Kg7 50. h6+
50... Kh8 {1.68/7}) 45. Bf3 Ra6 46. Nd5+ Kg8 47. Ne7+ Kf8 48. Nxc6 Bf5 49. Nd4
Bd7 50. h5 Ke8 51. Be2 Ra2 52. Ke3 gxh5 53. Bxh5 Ra3+ 54. Ke4 Rh3 55. Bf3 h6
56. Bd6 hxg5 57. fxg5 Rh4+ 58. Ke5 Rh2 59. Bc5 Ra2 60. Bd5 Ra1 61. Bb3 Ra5 62.
Kd5 Ra1 63. Bb4 Rg1 64. Bd2 Rb1 65. Ke5 Kf8 66. Bc3 Ke7 67. Bb4+ Kd8 68. Kf6
Rf1+ 69. Kg7 Rf4 70. Bc5 Ke8 71. Bd5 Ba4 72. Kg8 Bd7 73. Ba7 Ke7 74. Bc4 Ba4
75. Bc5+ Ke8 76. Ba2 Rf2 77. Bd5 Rf4 78. Bb6 Bd7 79. Kg7 Rf1 80. Bc5 Rf4 81.
Ba2 Rf2 82. Bc4 Rf4 83. Be2 Re4 84. Kf6 Rf4+ 85. Ke5 Rf2 86. Ba3 Rg2 87. Kf4
Rh2 88. Bb4 Rh4+ 89. Ke5 Bg4 90. Bc4 Bd7 91. Bd5 Rg4 92. Bd2 Rh4 93. Be4 Rh3
94. Bf3 Rh2 95. Bc3 Rh3 96. Be1 Bg4 97. Be4 Rh5 98. Kf6 Rh3 99. Bc6+ Kf8 100.
Bb4+ Kg8 101. Bd5 Bh5 102. Nf5 Bg6 103. Ne7+ Kh7 104. Nxg6 fxg6 105. Be4 Rb3
106. Bxg6+ Kh8 107. Be7 Rb8 ({19.84 Hiarcs 7.32:} 107... Rf3+ 108. Bf5 Kg8 109.
Bc5 Rf1 110. g6 Rf4 111. Kg5 Ra4 112. Bd6 Ra5 113. Kf6 {4.81/12}) 108. Bf7 Kh7
109. Bd5 Rb2 110. g6+ Kh6 111. Bf8+ Kh5 112. g7 Rf2+ 113. Ke5 Kh4 114. Be7+ Kh5
115. g8=Q Kh6 116. Qg5+ Kh7 117. Be4+ Kh8 (117... Rf5+ {
holt die Kuh nicht vom Eis} 118. Kd4 Kh8 119. Qxf5 Kg7 120. Qf8#) ({
0.00 Hiarcs 7.32:} 117... Rf5+ 118. Kd4 {#5/3}) 118. Qh5+ Kg8 (118... Kg7 {
macht keinen grossen Unterschied} 119. Qh7#) 119. Qh7# 1-0

[Event "ICS rated blitz match"]
[Site "204.178.125.65"]
[Date "1999.11.01"]
[Round "?"]
[White "Hossa"]
[Black "PostModernist"]
[Result "0-1"]
[WhiteElo "2463"]
[BlackElo "2600"]
[PlyCount "85"]
[EventDate "1999.??.??"]

1. e4 c5 2. f4 Nc6 3. Nc3 e6 4. Nf3 Nge7 5. g3 d5 6. Bg2 d4 7. Ne2 Ng6 8. O-O
Bd7 9. d3 Be7 10. c3 dxc3 11. bxc3 O-O 12. Rb1 b6 13. Qd2 Bd6 14. Ba3 Qc8 15.
d4 Na5 16. Bc1 cxd4 17. cxd4 Qe8 18. Ne5 Nxe5 19. fxe5 Be7 20. Qd3 Rc8 21. Qa6
Rc7 22. Rf2 Nc4 23. Kh1 b5 24. Rb3 b4 25. a4 Qa8 26. Bg5 Bxg5 27. Rxb4 Rfc8 28.
h4 Be3 29. Rf1 Nd2 30. Re1 Nxe4 31. Rb3 Bf2 32. Rf1 Bc6 33. Bxe4 Bxe4+ 34. Kh2
Bxd4 35. Nxd4 Rc2+ 36. Nxc2 Rxc2+ 37. Rf2 Rxf2+ 38. Kg1 Rg2+ 39. Kf1 Bf3 40.
Re3 Rxg3 41. Rd3 Rg4 42. Rd7 Bh1 43. Qxa7 {Hossa resigns} 0-1

[Event "ICS rated blitz match"]
[Site "204.178.125.65"]
[Date "1999.11.01"]
[Round "?"]
[White "PostModernist"]
[Black "Hossa"]
[Result "1-0"]
[WhiteElo "2610"]
[BlackElo "2453"]
[PlyCount "132"]
[EventDate "1999.??.??"]

1. e4 c5 2. Nf3 d6 3. d4 cxd4 4. Nxd4 Nf6 5. Nc3 a6 6. Bg5 e6 7. f4 b5 8. e5
dxe5 9. fxe5 Qc7 10. Qe2 Nfd7 11. O-O-O b4 12. Na4 Nc6 13. Nxc6 Qxc6 14. b3 Bb7
15. Rd4 Qc7 16. Bf4 Bc6 17. Rc4 Rc8 18. g3 Bxh1 19. Rxc7 Rxc7 20. Qxa6 Be4 21.
Bc4 Be7 22. Qa5 Rc8 23. Bd2 Ra8 24. Qc7 Bd8 25. Qd6 Be7 26. Qd4 Bc6 27. Bd3 Rb8
28. Qg4 g6 29. Qf4 O-O 30. Nb2 g5 31. Qe3 Rfc8 32. h4 Ra8 33. Kb1 gxh4 34. gxh4
Bf8 35. Qg5+ Kh8 36. Qh5 f5 37. exf6 Nxf6 38. Qf7 Bg7 39. Qxe6 Bd7 40. Qd6 Be8
41. Qxb4 Nd5 42. Qe4 Nf6 43. Qe7 Ng8 44. Qe6 Rc6 45. Qe4 Nf6 46. Qg2 Rcc8 47.
Qg5 Bd7 48. Nc4 h6 49. Qg1 Rc7 50. Nb6 Rg8 51. Qg6 Be8 52. Qg3 Ra7 53. Qf2 Ng4
54. Qf5 Be5 55. Bxh6 Rf7 56. Qe4 Bc3 57. Bg5 Nf2 58. Qc4 Be5 59. Be2 Ra7 ({
8.06 Hiarcs 7.32:} 59... Bg7 60. Qe6 Rc7 61. Nc4 Rf8 62. a4 {4.84/6}) 60. Qc5
Bg7 61. Qxf2 Rf8 62. Qg2 Raf7 63. Bd3 Rf2 64. Qe4 R2f5 65. a4 Bh5 66. Nd7 66...
Bg6 {Hossa resigns} 1-0

[Event "ICS rated blitz match"]
[Site "204.178.125.65"]
[Date "1999.11.01"]
[Round "?"]
[White "Hossa"]
[Black "PostModernist"]
[Result "0-1"]
[WhiteElo "2444"]
[BlackElo "2619"]
[PlyCount "147"]
[EventDate "1999.??.??"]

1. e4 c6 2. Nf3 d5 3. exd5 cxd5 4. d4 Nf6 5. c4 dxc4 6. Bxc4 e6 7. O-O Nc6 8.
Nc3 Be7 9. Be3 O-O 10. Ne5 10... Qb6 {letzter Buchzug} 11. Bb5 Qc7 12. Bxc6
bxc6 13. Rc1 Bb7 14. Bg5 ({-0.26 Hiarcs 7.32:} 14. Qe2 14... Rfd8 15. f4 Rab8
16. Qc4 16... Bd6 {0.03/6}) 14... Rad8 15. Ne2 ({-0.02 Hiarcs 7.32:} 15. Re1
15... Qb6 16. Na4 Qxd4 17. Qxd4 Rxd4 18. Nc5 Ba8 19. Nf3 {-0.26/6}) 15... Rfe8
16. Qa4 Qb6 17. Qc2 Qb5 18. b3 Ba3 19. Bxf6 ({-0.28 Hiarcs 7.32:} 19. Rcd1
19... Be7 20. f3 Qd5 21. Nc3 Qa5 22. Qd2 {0.03/7}) 19... gxf6 20. Nxf7 Rb8 21.
Nh6+ ({-0.88 Hiarcs 7.32:} 21. b4 21... Rf8 22. Rce1 Bxb4 23. Nh6+ Kg7 24. a4 {
-0.51/6}) 21... Kg7 22. Ng4 Bxc1 23. Rxc1 Qg5 24. Ne3 Kg8 25. Qb2 a6 26. b4
Red8 27. Qb3 Kf7 28. a4 Qg6 29. Qc4 Rd6 30. Ng3 ({-0.30 Hiarcs 7.32:} 30. Qc5
30... Rd7 31. Nc4 Kg8 32. Nc3 32... Qg5 {-0.55/6}) 30... Kg7 31. Re1 Rbd8 32.
Nc2 f5 33. Qc5 Kg8 34. Ne2 Qg5 35. Ne3 Qg7 36. Nc4 Rd5 37. Qb6 R8d7 38. Ne5 ({
-0.83 Hiarcs 7.32:} 38. f4 38... Rxd4 39. Nxd4 Qxd4+ 40. Qxd4 Rxd4 41. Na5 Rxb4
42. Nxb7 Rxb7 43. Rxe6 Rb1+ 44. Kf2 Rb2+ 45. Kf3 {0.19/6}) 38... R7d6 39. Qa7
c5 40. bxc5 Rxc5 41. Nf4 Rc8 42. g3 ({-1.95 Hiarcs 7.32:} 42. f3 42... Ba8 43.
Qxg7+ Kxg7 44. Nh5+ Kf8 45. Nf6 Rxd4 46. Nxh7+ 46... Ke7 {-1.09/6}) 42... Be4
43. Qxg7+ Kxg7 44. f3 Bc2 45. a5 Kg8 46. Ne2 Ba4 47. Kf2 Bb5 48. f4 Bxe2 49.
Rxe2 Rxd4 50. Ra2 Rd5 51. h3 h6 52. Ng6 Kf7 53. Ne5+ Kf6 54. g4 Rd4 55. Kg3
Rc3+ 56. Nf3 Rdd3 57. Rf2 Ra3 58. Kg2 Re3 59. Rf1 Rxa5 60. Kf2 Rd3 61. Kg3 ({
-7.95 Hiarcs 7.32:} 61. Kg2 61... Raa3 62. g5+ hxg5 63. fxg5+ Kg7 64. Ng1 Rg3+
65. Kf2 Rxg5 66. Nf3 {-5.30/8}) 61... Raa3 62. Kg2 a5 63. Kg3 ({
-14.44 Hiarcs 7.32:} 63. g5+ 63... hxg5 64. fxg5+ Kg7 65. Ng1 Rg3+ 66. Kf2 Rxg5
67. Nf3 Ra2+ 68. Ke3 Rg3 69. h4 Ra3+ 70. Kf4 Rg4+ 71. Ke5 Re3+ 72. Kd6 {-5.79/8
}) 63... Rxf3+ 64. Rxf3 Rxf3+ 65. Kxf3 a4 66. Kg3 a3 67. Kh4 ({
-24.34 Hiarcs 7.32:} 67. h4 67... fxg4 {-14.16/12}) 67... a2 68. Kg3 a1=Q 69.
Kh2 Qa2+ 70. Kg3 Qe2 71. g5+ hxg5 72. fxg5+ Kxg5 73. h4+ Kg6 74. h5+ {
Hossa resigns} 0-1

[Event "ICS rated blitz match"]
[Site "204.178.125.65"]
[Date "1999.11.01"]
[Round "?"]
[White "PostModernist"]
[Black "Hossa"]
[Result "1-0"]
[WhiteElo "2628"]
[BlackElo "2435"]
[PlyCount "102"]
[EventDate "1999.??.??"]

1. d4 f5 2. g3 Nf6 3. Bg2 g6 4. Nf3 Bg7 5. O-O c6 6. b3 O-O 7. Bb2 d5 8. Nbd2
f4 9. gxf4 Bf5 10. e3 Nbd7 11. Ne5 Nxe5 12. fxe5 Ng4 13. e4 dxe4 14. Nxe4 Rb8
15. c4 Qd7 16. Qe2 Rbd8 17. a4 b6 18. b4 Nh6 19. Rfe1 Nf7 20. a5 Bg4 21. Qf1 b5
22. Rac1 bxc4 23. Rxc4 Rb8 24. Rxc6 Rxb4 25. Bc3 Rb3 26. Qc4 Rxc3 27. Nxc3 Qd8
28. Rc7 a6 29. Rb1 e6 30. Rbb7 h6 31. Nd5 Qg5 32. Ne3 Bh8 33. Qxa6 Nd8 34. Ra7
Bf3 35. h3 Bxg2 36. Nxg2 Qf5 37. Kh2 Nf7 38. f4 h5 39. Re7 Nd8 40. Qd6 g5 41.
fxg5 Qf3 42. Qd7 Nf7 43. Qxe6 h4 44. Rxf7 Rxf7 45. Rxf7 Qxf7 46. Qxf7+ Kxf7 47.
a6 Bg7 48. a7 Kg6 49. a8=Q Kxg5 50. e6 Kf6 51. Qg8 51... Bf8 {Hossa resigns}
1-0

[Event "ICS rated blitz match"]
[Site "204.178.125.65"]
[Date "1999.11.01"]
[Round "?"]
[White "Hossa"]
[Black "Manopesada"]
[Result "1-0"]
[WhiteElo "2427"]
[BlackElo "2232"]
[PlyCount "61"]
[EventDate "1999.??.??"]

1. e4 c5 2. Nf3 e6 3. d4 cxd4 4. Nxd4 Nf6 5. Nc3 d6 6. g4 h6 7. g5 hxg5 8. Bxg5
Nc6 9. Bg2 Qb6 10. Ndb5 Ne5 11. Be3 Qd8 12. Bxa7 Nc4 13. Bf1 Nxb2 14. Qb1 Na4
15. Nxa4 Qa5+ 16. c3 Rxa7 17. Nxa7 Qxa7 18. Nb6 Bd7 19. Nxd7 Nxd7 20. Bb5 Be7
21. Qb4 Rh4 22. O-O Kd8 23. Bxd7 Kxd7 24. Rfb1 Kc8 25. Rb2 f5 26. Qc4+ Kd7 27.
Rab1 Ke8 28. Rxb7 Rg4+ 29. Kf1 Qa5 30. Qxe6 Qa6+ 31. R1b5 {Manopesada resigns}
1-0

[Event "ICS rated blitz match"]
[Site "204.178.125.65"]
[Date "1999.11.01"]
[Round "?"]
[White "TheBad"]
[Black "Hossa"]
[Result "0-1"]
[WhiteElo "2057"]
[BlackElo "2435"]
[PlyCount "26"]
[EventDate "1999.??.??"]

1. e4 c5 2. Nf3 d6 3. c3 Nf6 4. d4 Nxe4 5. d5 Nd7 6. Bb5 a6 7. Ba4 b5 8. Bc2
Ndf6 9. O-O e6 10. Re1 exd5 11. a4 Bb7 12. Ng5 Be7 13. Nd2 13... Nxg5 {
TheBad resigns} 0-1

[Event "ICS rated blitz match"]
[Site "204.178.125.65"]
[Date "1999.11.01"]
[Round "?"]
[White "Hossa"]
[Black "NonWimp"]
[Result "0-1"]
[WhiteElo "2438"]
[BlackElo "2728"]
[PlyCount "148"]
[EventDate "1999.??.??"]

1. e4 c5 2. Nf3 d6 3. d4 cxd4 4. Nxd4 Nf6 5. Nc3 a6 6. Bg5 e6 7. f4 Be7 8. Qf3
Qc7 9. O-O-O Nbd7 10. Qg3 h6 11. Bxf6 Bxf6 12. f5 Be5 13. Qh3 Nc5 14. fxe6 Nxe6
15. Nde2 Qc5 16. Nd5 O-O 17. Ne7+ Kh8 18. Qb3 Ng5 19. Rd5 Qf2 20. Qb4 Be6 21.
Rd3 a5 22. Qb5 Bg4 23. Rd1 Nxe4 24. Nd5 Qa7 25. h3 Bxe2 26. Bxe2 Nf2 27. Rhf1
Nxd1 28. Bxd1 Qc5 29. Be2 Rac8 30. Bd3 Qxb5 31. Bxb5 g5 32. g4 Rc5 33. c4 Kg7
34. Kb1 h5 35. Rf5 Kg6 36. a3 hxg4 37. hxg4 Rh8 38. b4 axb4 39. axb4 Rxb5 40.
cxb5 Rh1+ 41. Kc2 Rg1 42. Ne7+ Kg7 43. Rf3 Rxg4 44. Nf5+ Kf8 45. Ra3 Ke8 46.
Ra7 Rf4 47. Ne3 Bd4 48. Ra8+ Kd7 49. Nd5 Rf5 50. Nc3 Bxc3 51. Kxc3 Rxb5 52. Rb8
g4 53. Kc4 Rb6 54. Rg8 d5+ 55. Kc5 Rg6 56. Rf8 f6 57. Rf7+ Ke6 58. Rf8 g3 59.
Re8+ Kf5 60. Re1 g2 61. Rg1 Ke4 62. Kd6 f5+ 63. Ke7 f4 64. Kf7 Kf5 65. Ke7 f3
66. Rd1 f2 67. Rxd5+ Ke4 68. Rd8 Rg7+ 69. Kd6 f1=Q 70. Re8+ Kd4 71. Re7 Qa6+
72. Kd7 Qc6+ 73. Kd8 Rg8+ 74. Re8 74... Rxe8# {Hossa checkmated} 0-1

[Event "ICS rated blitz match"]
[Site "204.178.125.65"]
[Date "1999.11.01"]
[Round "?"]
[White "Hossa"]
[Black "TheBad"]
[Result "1/2-1/2"]
[WhiteElo "2433"]
[BlackElo "2046"]
[PlyCount "122"]
[EventDate "1999.??.??"]

1. e4 c5 2. Nf3 Nc6 3. d4 cxd4 4. Nxd4 Nxd4 5. Qxd4 d6 6. Bb5+ Bd7 7. Bxd7+
Qxd7 8. O-O Nf6 9. Nc3 e6 10. Bg5 Be7 11. Rad1 O-O 12. e5 Nd5 13. Bxe7 Nxe7 14.
Qxd6 Qxd6 15. exd6 Nc6 16. Rfe1 Rfd8 17. a4 a6 18. Ne4 b6 19. h4 Rd7 20. h5
Rad8 21. Rd3 f5 22. Ng5 Rxd6 23. Rxd6 Rxd6 24. Rxe6 Rxe6 25. Nxe6 Nb4 26. c3
Nd3 27. b3 Nc1 28. Nd4 g6 29. c4 Kf7 30. hxg6+ hxg6 31. b4 Kf6 32. Kf1 Ke5 33.
a5 bxa5 34. Nc6+ Kd6 35. Nxa5 Nd3 36. b5 axb5 37. cxb5 Kc5 38. Nc6 Kxb5 39. Ne7
Ne5 40. f4 Ng4 41. Nxg6 Kc5 42. Ne7 Nh6 43. Ke2 Kd4 44. Kf3 Kc5 45. Ng6 Kd6 46.
Ne5 Ke6 47. Kg3 Ng8 48. Kh4 Kf6 49. g4 fxg4 50. Kxg4 Nh6+ 51. Kf3 Nf5 52. Ng4+
Kg6 53. Nf2 Nd4+ 54. Ke4 Ne2 55. f5+ Kf6 56. Ng4+ Kf7 57. Ke5 Ng3 58. Nh6+ Kg7
59. f6+ Kxh6 60. f7 Kg7 61. f8=Q+ 61... Kxf8 {
Game drawn because neither player has mating material} 1/2-1/2

[Event "ICS rated blitz match"]
[Site "204.178.125.65"]
[Date "1999.11.01"]
[Round "?"]
[White "TheBad"]
[Black "Hossa"]
[Result "0-1"]
[WhiteElo "2059"]
[BlackElo "2420"]
[PlyCount "66"]
[EventDate "1999.??.??"]

1. e4 c5 2. Nf3 d6 3. c3 Nf6 4. Bc4 Nxe4 5. Qa4+ Nd7 6. Bxf7+ Kxf7 7. Qxe4 e6
8. d4 h6 9. O-O Nf6 10. Qd3 cxd4 11. cxd4 Bd7 12. Nc3 Be7 13. Bf4 Rf8 14. Rfe1
Qa5 15. Rad1 b5 16. a3 b4 17. axb4 Qxb4 18. Rd2 Rac8 19. Rde2 Qb3 20. Ne5+ dxe5
21. dxe5 Nd5 22. Bxh6 gxh6 23. Qh7+ Ke8 24. Ne4 Nf4 25. Rd2 Bc6 26. Nd6+ Bxd6
27. exd6 Qb7 28. Qxh6 Bd5 29. Rxd5 Qxd5 30. d7+ Qxd7 31. g3 Qd3 32. Rxe6+ Nxe6
33. Qxe6+ 33... Kd8 {TheBad resigns} 0-1

[Event "ICS rated blitz match"]
[Site "204.178.125.65"]
[Date "1999.11.01"]
[Round "?"]
[White "Hossa"]
[Black "TheBad"]
[Result "0-1"]
[WhiteElo "2424"]
[BlackElo "2055"]
[PlyCount "106"]
[EventDate "1999.??.??"]

1. e4 e5 2. Nf3 Nc6 3. Bb5 f5 4. Bxc6 dxc6 5. O-O Nf6 6. exf5 Bxf5 7. Nxe5 Bd6
8. Re1 O-O 9. d4 c5 10. c3 Kh8 11. Bg5 cxd4 12. cxd4 c5 13. d5 h6 14. Bxf6 Qxf6
15. f4 Rae8 16. Nc3 Bxe5 17. fxe5 Rxe5 18. Rxe5 Qxe5 19. Qe2 Qd4+ 20. Kh1 Bd3
21. Qe1 Rf1+ 22. Qxf1 Bxf1 23. Rxf1 b5 24. Rd1 Qf6 25. Re1 b4 26. Na4 Qf2 27.
Ra1 Qd4 28. Re1 Qxd5 29. b3 Qd2 30. Rf1 c4 31. Nc5 c3 32. Ne4 Qe2 33. Rf8+ Kh7
34. Ng3 Qxa2 35. Rf1 c2 36. Rg1 Qb1 37. Ne2 Qxb3 38. Nc1 Qb2 39. Re1 b3 40. g3
a5 41. Kg2 a4 42. g4 a3 43. g5 hxg5 44. Re3 Qxc1 45. Rh3+ Kg6 46. Rxb3 Qd2+ 47.
Kf3 c1=Q 48. Rb6+ Kh7 49. Rb4 Qcc3+ 50. Kg4 Qxb4+ 51. Kg3 Qbc3+ 52. Kg4 Qf4+
53. Kh5 53... Qh3# {Hossa checkmated} 0-1

[Event "ICS Rated blitz match"]
[Site "204.178.125.65"]
[Date "1999.11.01"]
[Round "?"]
[White "TheBad"]
[Black "Hossa"]
[Result "0-1"]
[WhiteElo "2084"]
[BlackElo "2395"]
[PlyCount "38"]
[EventDate "1999.??.??"]

1. e4 c5 2. Nf3 d6 3. d4 cxd4 4. Nxd4 Nf6 5. Nc3 a6 6. Be3 e6 7. Be2 Be7 8. O-O
O-O 9. f4 d5 10. e5 Ne4 11. f5 Nxc3 12. bxc3 Nc6 13. fxe6 fxe6 14. Rxf8+ Bxf8
15. Bg4 Bc5 16. Bf2 Nxe5 17. Bxe6+ Bxe6 18. Nxe6 Bxf2+ 19. Kxf2 19... Qf6+ {
TheBad resigns} 0-1

[Event "ICS rated blitz match"]
[Site "204.178.125.65"]
[Date "1999.11.01"]
[Round "?"]
[White "Hossa"]
[Black "Corkman"]
[Result "1-0"]
[WhiteElo "2397"]
[BlackElo "2035"]
[PlyCount "33"]
[EventDate "1999.??.??"]

1. e4 c5 2. c3 d5 3. exd5 Qxd5 4. d4 Nf6 5. Nf3 Nc6 6. Be2 Bg4 7. O-O e6 8. Be3
b6 9. Nbd2 cxd4 10. Nxd4 Bxe2 11. Qxe2 Be7 12. Nxc6 Qxc6 13. Rfd1 O-O 14. Bg5
Rfd8 15. Nf3 Nd5 16. Rxd5 Bxg5 17. Rxg5 {Corkman resigns} 1-0

[Event "ICS rated blitz match"]
[Site "204.178.125.65"]
[Date "1999.11.01"]
[Round "?"]
[White "drunknstupid"]
[Black "Hossa"]
[Result "0-1"]
[WhiteElo "2303"]
[BlackElo "2401"]
[PlyCount "134"]
[EventDate "1999.??.??"]

1. e4 c6 2. Nc3 d6 3. d4 Qc7 4. f4 e5 5. dxe5 dxe5 6. Nf3 exf4 7. Bc4 b5 8. Bb3
Bg4 9. O-O a5 10. a4 bxa4 11. Bxa4 Nd7 12. Qe1 Bc5+ 13. Kh1 Ne7 14. Qh4 h5 15.
h3 Ng6 16. Qe1 Be6 17. Ng5 Bc4 18. Nf3 Bxf1 19. Qxf1 O-O 20. Bd2 Be3 21. Bxe3
fxe3 22. Qe2 Qb6 23. b3 Nf4 24. Qc4 Rac8 25. Re1 Rfd8 26. e5 Qb4 27. Qxb4 axb4
28. Ne4 Nd5 29. Nd6 Rc7 30. Nc4 Nc5 31. Nxe3 Nxe3 32. Rxe3 Rd1+ 33. Kh2 Ra1 34.
Nd4 Nxa4 35. bxa4 Rxa4 36. Nf5 Ra2 37. Re4 Rxc2 38. Rxb4 Rc5 39. Re4 Rd5 40. h4
Kh7 41. Kg3 c5 42. Kf4 Rd2 43. g3 Kg6 44. Nd6 Rd1 45. Rc4 f6 46. exf6 Rxd6 47.
fxg7 Kxg7 48. Kf3 Rd4 49. Rc3 Rf7+ 50. Kg2 c4 51. Kh3 Rg4 52. Ra3 Re7 53. Kg2
Re6 54. Kf3 Reg6 55. Kf2 Rxg3 56. Rxg3 Rxg3 57. Kxg3 c3 58. Kf3 c2 59. Ke2 c1=Q
60. Kd3 Qf4 61. Ke2 Qxh4 62. Kd3 Qg4 63. Kd2 h4 64. Ke3 h3 65. Kd3 h2 66. Ke3
h1=Q 67. Kf2 67... Qgf3# {drunknstupid checkmated} 0-1

[Event "ICS rated blitz match"]
[Site "204.178.125.65"]
[Date "1999.11.01"]
[Round "?"]
[White "Hossa"]
[Black "Talmoves"]
[Result "0-1"]
[WhiteElo "2413"]
[BlackElo "2656"]
[PlyCount "152"]
[EventDate "1999.??.??"]

1. e4 e5 2. Nf3 Nc6 3. Bb5 a6 4. Bxc6 dxc6 5. O-O f6 6. d4 exd4 7. Nxd4 c5 8.
Nb3 Qxd1 9. Rxd1 Bg4 10. f3 Be6 11. Bf4 c4 12. Nd4 O-O-O 13. Nc3 Rxd4 14. Rxd4
Bc5 15. Be3 Bxd4 16. Bxd4 Ne7 17. Rd1 Rd8 18. Bc5 Rxd1+ 19. Nxd1 Ng6 20. Be3 b5
21. Nc3 Kd7 22. f4 Bg8 23. b4 cxb3 24. axb3 Ne7 25. Kf2 f5 26. e5 Nc6 27. Bc5
g5 28. g3 Ke6 29. b4 Bf7 30. h4 gxf4 31. gxf4 Bh5 32. Kg2 Nb8 33. Kg3 Nd7 34.
Ba7 Nf8 35. Bb8 Kd7 36. Nd5 Kc6 37. Nf6 Bd1 38. Ba7 Bxc2 39. Be3 Bb3 40. h5 h6
41. Bc5 Ne6 42. Be3 Bd1 43. Kh4 Be2 44. Kg3 Ng7 45. Kf2 Bxh5 46. Bc5 a5 47. Bf8
Ne6 48. bxa5 Nxf8 49. Nxh5 b4 50. Ke3 Ne6 51. a6 Kb6 52. Ng3 b3 53. Kd2 Nd4 54.
Kc3 Kxa6 55. e6 Nxe6 56. Nxf5 h5 57. Kxb3 Kb5 58. Kc3 Nxf4 59. Kd4 Kb4 60. Ke4
Ng6 61. Ne3 c5 62. Kf5 h4 63. Kxg6 h3 64. Ng4 c4 65. Kf6 c3 66. Ne5 c2 67. Nd3+
Kc3 68. Nf4 h2 69. Nd5+ Kd4 70. Ne7 h1=Q 71. Nf5+ Kd3 72. Kg7 c1=Q 73. Kf6 Qd5
74. Kg6 Qe6+ 75. Kh7 Qg5 76. Ng7 76... Qgh6# {Hossa checkmated} 0-1

[Event "ICS unrated blitz match"]
[Site "204.178.125.65"]
[Date "1999.11.01"]
[Round "?"]
[White "Moron"]
[Black "Hossa"]
[Result "1/2-1/2"]
[WhiteElo "2808"]
[BlackElo "2407"]
[PlyCount "146"]
[EventDate "1999.??.??"]

1. d4 f5 2. Nf3 Nf6 3. g3 e6 4. Bg2 Be7 5. O-O d5 6. c4 c5 7. cxd5 exd5 8. dxc5
Na6 9. Nd4 Nxc5 10. Nc3 Nce4 11. Qa4+ Kf7 12. Qc2 Rf8 13. Bf4 Kg8 14. Qb3 Bc5
15. Rfd1 Re8 16. e3 Nxc3 17. bxc3 Kh8 18. Nb5 Re7 19. Bxd5 Qb6 20. Nd6 Nxd5 21.
Rxd5 Be6 22. Qxb6 axb6 23. Rd2 Rd7 24. Kg2 b5 25. Rad1 b4 26. Nb5 Rxd2 27. Rxd2
Bc4 28. cxb4 Bxb4 29. Rd4 Bxb5 30. Rxb4 Bc6+ 31. Kf1 Rxa2 32. Be5 Bf3 33. Rf4
Be4 34. g4 Ra5 35. Bc3 Rc5 36. gxf5 Bd3+ 37. Ke1 Rxc3 38. Kd2 Rc4 39. Kxd3 Rxf4
40. exf4 Kg8 41. f6 gxf6 42. f5 Kf8 43. Kc4 Ke8 44. Kc5 Kd7 45. Kd5 h6 46. Kc5
h5 47. Kd5 b5 48. Kc5 b4 49. Kxb4 Kd6 50. Kc4 Ke5 51. Kc5 Kxf5 52. Kd5 h4 53.
h3 Kf4 54. Ke6 Kg5 55. Ke7 Kg6 56. Kf8 f5 57. Ke7 Kg5 58. Ke6 Kf4 59. Kf6 Ke4
60. Kg5 Kf3 61. Kxf5 Kxf2 62. Kg4 Ke3 63. Kg5 Ke4 64. Kxh4 Kf4 65. Kh5 Kf5 66.
h4 Kf6 67. Kg4 Kg6 68. Kf4 Kh5 69. Kg3 Kh6 70. Kh2 Kh5 71. Kh3 Kh6 72. Kg2 Kh5
73. Kf3 73... Kxh4 {Game drawn because neither player has mating material}
1/2-1/2

[Event "ICS rated blitz match"]
[Site "204.178.125.65"]
[Date "1999.11.01"]
[Round "?"]
[White "Colorado"]
[Black "Hossa"]
[Result "1-0"]
[WhiteElo "2698"]
[BlackElo "2407"]
[PlyCount "104"]
[EventDate "1999.??.??"]

1. Nf3 d5 2. e3 Nf6 3. Bb5+ c6 4. Be2 Bg4 5. O-O e6 6. Nc3 Nbd7 7. h3 Bh5 8. d3
Bb4 9. a3 Bc5 10. e4 O-O 11. exd5 exd5 12. Bf4 Re8 13. Qd2 d4 14. Na4 Nd5 15.
Bg3 Qf6 16. Nxc5 Nxc5 17. Rfe1 Rac8 18. Be5 Qe7 19. Bxd4 Ne6 20. Bxa7 b6 21. c4
Qxa7 22. cxd5 cxd5 23. d4 Bxf3 24. Bxf3 Qa4 25. Bxd5 Nxd4 26. Rxe8+ Rxe8 27. b3
Nxb3 28. Qd1 Nc5 29. Qxa4 Nxa4 30. Bc6 Kf8 31. Bxa4 Re2 32. Rb1 Ra2 33. Rxb6
Rxa3 34. Rb8+ Ke7 35. Rb7+ Kf8 36. Bb3 f6 37. Kh2 h5 38. Kg3 g5 39. h4 Ke8 40.
f3 Kd8 41. hxg5 fxg5 42. Bf7 h4+ 43. Kg4 Kc8 44. Rb5 Ra7 45. Bc4 Ra4 46. Rc5+
Kb7 47. Kxg5 Kb6 48. Rc8 Kb7 49. Be6 Ra6 50. Re8 Ra4 51. Rh8 Rd4 52. Rxh4 52...
Rd6 {Hossa resigns} 1-0

[Event "ICS rated bullet match"]
[Site "204.178.125.65"]
[Date "1999.11.01"]
[Round "?"]
[White "JSBach"]
[Black "Hossa"]
[Result "0-1"]
[WhiteElo "2056"]
[BlackElo "2337"]
[PlyCount "46"]
[EventDate "1999.??.??"]

1. e4 e5 2. Qh5 Nc6 3. Bc4 g6 4. Qf3 Nf6 5. Qb3 Nd4 6. Qd3 d5 7. exd5 Bf5 8.
Qc3 Nxc2+ 9. Kd1 Nxa1 10. Qxe5+ Be7 11. d3 O-O 12. b3 Ng4 13. Qd4 Bf6 14. Qc5
b6 15. Qxf8+ Qxf8 16. Ba3 Qb8 17. Nh3 b5 18. Kc1 bxc4 19. dxc4 Nxb3+ 20. axb3
Qxb3 21. Kd2 Qd3+ 22. Ke1 Re8+ 23. Be7 23... Rxe7# {JSBach checkmated} 0-1